00829nam a22002537a 4500003000900000005001700009007000300026008003000029020001500059040003000074082002800104245005900132246006500191264004700256300004900303336002800352337003500380338003000415520000600445650003000451650003800481650002900519710002700548DO-SdBPM20250707112144.0ta170112b2001 sp a 00| 0 spa d a8432994871 aDO-SdBPMbspacBPMSUerda 4a372.21 bC569c 200122210a140 juegos y actividades de educación infantil c 13aCinto cuarenta juegos y actividades de educación infantil  aBarcelona :bEditorial Grupo Ceac., c2001 a 133 páginas :bilustraciones ; c23 cm.  atextobtxt2rdacontent  asin mediación bn2rdamedia  avolumen bnc2rdacarrier  a  7aEducación preescolarv  7aLectura xEducación preescolar. 7a Psicología educativa 2 aGrupo Editorial Ceac